000 00478nam a2200169 i 4500
001 52682
003 ES-MaACL
005 20230906162627.0
007 t|
008 030902s1921 xxk ||||1| eng d
100 1 _aDeans, R. Storry.
_943102
245 1 4 _aThe student's legal history /
_cby R. Storry Deans.
250 _a4th ed.
260 _aLondon :
_bStevens & Sons,
_c1921 (
_fEastern Press Lts.)
300 _aIX, 218 p. ;
_c22 cm.
852 _aES-MaACL
_jC-4378
_bR.24142
999 _c52682
_d52682